000 01294cam a22003494a 4500
999 _c4040
_d4040
001 12084441
003 OSt
005 20190830085637.0
008 000628s2000 enka b 001 0 eng c
010 _a 00043439
020 _a0471988073 (alk. paper)
020 _a0471489352 (pbk. : alk. paper)
035 _a(DNLM)100959137
040 _aDNLM/DLC
_cDLC
_dDLC
042 _apcc
050 0 0 _aRS403
_b.T447 2000
060 1 0 _aQV 744
_bT4567m 2000
082 0 0 _aQV 744
_221
_bT361m 2000
100 1 _aThomas, Gareth,
_98805
245 1 0 _aMedicinal Chemistry :an introduction
260 _aNew York :
_bWiley,
_c2000.
300 _axxvii, 539 p. :
_bill. ;
_c24 cm.
504 _aIncludes bibliographical references and index.
650 0 _aPharmaceutical chemistry.
_9283
650 2 2 _aDrug Design.
_91369
856 4 2 _3Publisher description
_uhttp://www.loc.gov/catdir/description/wiley034/00043439.html
856 4 _3Table of Contents
_uhttp://www.loc.gov/catdir/toc/onix06/00043439.html
906 _a7
_bcbc
_corignew
_d1
_eocip
_f20
_gy-gencatlg
942 _2ddc
_cSLOAN